|
|
|
|
| LEADER |
02062nkm a2200529 a 4500 |
| 001 |
000915510 |
| 003 |
CZ BrMZK |
| 005 |
20250821065012.0 |
| 007 |
kf co |
| 008 |
081007s2008 xr nnn c kncze |
| 015 |
|
|
|a cnb001823398
|
| 020 |
|
|
|a 978-80-253-0780-9
|q (volné listy v obalu)
|
| 040 |
|
|
|a BOA001
|b cze
|
| 043 |
|
|
|a e-xr---
|a e-cs---
|
| 072 |
|
7 |
|a 94(437)
|x Dějiny Česka a Slovenska
|2 Konspekt
|9 8
|
| 072 |
|
7 |
|a 0/9-053.2
|x Literatura pro děti a mládež (naučná)
|2 Konspekt
|9 26
|
| 080 |
|
|
|a 929.731
|2 MRF
|
| 080 |
|
|
|a 32-051
|2 MRF
|
| 080 |
|
|
|a (437.3)
|2 MRF
|
| 080 |
|
|
|a (437)
|2 MRF
|
| 080 |
|
|
|a (092)
|2 MRF
|
| 080 |
|
|
|a (072)
|2 MRF
|
| 080 |
|
|
|a (0.053.2)
|2 MRF
|
| 100 |
1 |
|
|a Čornej, Petr,
|d 1951-
|7 jk01021912
|4 aut
|
| 245 |
1 |
0 |
|a Panovníci českých zemí
|h [grafika] :
|b kompletní přehled od Sáma po současnost : výukové karty /
|c text Petr Čornej ; ilustrace Jiřina Lockerová
|
| 250 |
|
|
|a 1. vyd.
|
| 260 |
|
|
|a Praha :
|b Fragment,
|c 2008
|
| 300 |
|
|
|a 64 učebních karet :
|b barev. ;
|c 25 cm
|
| 500 |
|
|
|a Dostupné též v digitální podobě v aplikaci Kramerius
|
| 650 |
0 |
7 |
|a panovníci
|7 ph117250
|z Česko
|2 czenas
|
| 650 |
0 |
7 |
|a prezidenti
|7 ph124601
|z Česko
|2 czenas
|
| 650 |
0 |
7 |
|a prezidenti
|7 ph124601
|z Československo
|2 czenas
|
| 650 |
0 |
9 |
|a kings and rulers
|z Czechia
|2 eczenas
|
| 650 |
0 |
9 |
|a presidents
|z Czechia
|2 eczenas
|
| 650 |
0 |
9 |
|a presidents
|z Czechoslovakia
|2 eczenas
|
| 655 |
|
7 |
|a biografie
|7 fd131909
|2 czenas
|
| 655 |
|
7 |
|a učební pomůcky
|7 fd133775
|2 czenas
|
| 655 |
|
7 |
|a publikace pro děti
|7 fd133156
|2 czenas
|
| 655 |
|
9 |
|a biography
|2 eczenas
|
| 655 |
|
9 |
|a teaching aids
|2 eczenas
|
| 655 |
|
9 |
|a children's literature
|2 eczenas
|
| 700 |
1 |
|
|a Lockerová, Jiřina,
|d 1957-
|7 jn20010309770
|4 ill
|
| 856 |
4 |
1 |
|u http://www.digitalniknihovna.cz/mzk/uuid/uuid:1e461f40-d1f8-11ed-93b3-005056827e52
|y Digitalizovaný dokument
|x NDK
|
| 910 |
|
|
|a BOA001
|b 3-1212.255
|
| 990 |
|
|
|a GP
|
| 991 |
|
|
|b 200810
|c NOV
|
| 996 |
6 |
|
|b 2610357620
|c 3-1212.255
|l MZK
|r Sklad / do 1 hodiny
|n 2
|p p.v.
|w 000915510
|u 000010
|a 1
|e BOA001
|j MZK50
|s P
|